| 000 | 00479cam a22001457a 4500 | ||
|---|---|---|---|
| 008 | 180718b1963 xxu||||| |||| 00| 0 eng d | ||
| 082 | _aW47x42 Un3 | ||
| 245 |
_aResearch on road safety _cby Department Of Scientific Research Road Research Laborator |
||
| 260 |
_aLondon _bHer Majesty's Stationery Office _c1963 |
||
| 300 | _axii, 602p | ||
| 650 | _aAutomobile drivers. | ||
| 650 | _aAutomobiles -Equipment and supplies | ||
| 650 | _aTraffic accidents | ||
| 650 | _aTraffic safety | ||
| 999 |
_c411696 _d411696 |
||